| 000 | 00329nam a22001337a 4500 | ||
|---|---|---|---|
| 008 | 181105b xxu||||| |||| 00| 0 eng d | ||
| 020 | _a0871509288 | ||
| 041 | _aeng | ||
| 080 |
_23rd _a510 |
||
| 100 | _a36 | ||
| 101 | _aMAT | ||
| 245 |
_aA First course in differential equations with applications _cZill, D.G |
||
| 942 |
_2udc _cBK |
||
| 999 |
_c51907 _d51907 |
||